000 00758nam a2200241 a 4500
999 _c10883
_d10883
001 10883
003 BD-JhCC
005 20190624135210.0
008 190523b19962018bg |||| ||a| 000 0 ben d
020 _a9841801531
035 _a(BD-JhCC)10883
040 _aBD-JhCC
_dBD-JhCC
041 _aben
082 _a813.52
_bLON 2018
100 _aলন্ডন, জ্যাক
245 _aশ্রেষ্ঠ গল্প /
_cজ্যাক লন্ডন, শহিদুল আলম (সম্পা.)
260 _aঢাকা,
_bবিশ্বসাহিত্য কেন্দ্র;
_c2018.
300 _a104 p. :
_c22 cm.
650 _aShort stories
700 _aআলম, শহিদুল
942 _2ddc
_cBK